My feudal lord / (Record no. 174602)
[ view plain ]
| 000 -LEADER | |
|---|---|
| fixed length control field | 01050cam a2200313 a 4500 |
| 001 - CONTROL NUMBER | |
| control field | 1084959 |
| 003 - CONTROL NUMBER IDENTIFIER | |
| control field | Nust |
| 005 - DATE AND TIME OF LATEST TRANSACTION | |
| control field | 20220207131950.0 |
| 008 - FIXED-LENGTH DATA ELEMENTS--GENERAL INFORMATION | |
| fixed length control field | 910816s1991 pk acf 000 0aeng |
| 010 ## - LIBRARY OF CONGRESS CONTROL NUMBER | |
| LC control number | 91930585 |
| 020 ## - INTERNATIONAL STANDARD BOOK NUMBER | |
| International Standard Book Number | 9780552142397 |
| Terms of availability | Rs. 396 |
| 038 ## - RECORD CONTENT LICENSOR | |
| Staff Name | Arshad |
| 040 ## - CATALOGING SOURCE | |
| Original cataloging agency | DLC |
| Transcribing agency | DLC |
| Modifying agency | DLC |
| 043 ## - GEOGRAPHIC AREA CODE | |
| Geographic area code | a-pk--- |
| 050 00 - LIBRARY OF CONGRESS CALL NUMBER | |
| Classification number | DS392.P8 |
| Item number | D87 1991 |
| 082 00 - DEWEY DECIMAL CLASSIFICATION NUMBER | |
| Classification number | 954.91405092 |
| Author Mark | DUR |
| 100 1# - MAIN ENTRY--PERSONAL NAME | |
| Personal name | Durrani, Tehmina. |
| 9 (RLIN) | 11075 |
| 245 10 - TITLE STATEMENT | |
| Title | My feudal lord / |
| Statement of responsibility, etc. | Tehmina Durrani. |
| 260 ## - PUBLICATION, DISTRIBUTION, ETC. | |
| Place of publication, distribution, etc. | [Lahore ] : |
| Name of publisher, distributor, etc. | T. Durrani, |
| Date of publication, distribution, etc. | 1994. |
| 300 ## - PHYSICAL DESCRIPTION | |
| Extent | ii, 365 p., [22] p. of plates : |
| Other physical details | ill., ports. ; |
| Dimensions | 23 cm. |
| 563 ## - BINDING INFORMATION | |
| Binding note | PBK. |
| 600 10 - SUBJECT ADDED ENTRY--PERSONAL NAME | |
| Personal name | Durrani, Tehmina. |
| 9 (RLIN) | 11075 |
| 610 20 - SUBJECT ADDED ENTRY--CORPORATE NAME | |
| Corporate name or jurisdiction name as entry element | Khar, Muṣt̤afá, |
| Date of meeting or treaty signing | 1937- |
| 9 (RLIN) | 11076 |
| 650 #0 - SUBJECT ADDED ENTRY--TOPICAL TERM | |
| Topical term or geographic name entry element | Governors' spouses |
| Geographic subdivision | Pakistan |
| -- | Punjab |
| General subdivision | Biography. |
| 9 (RLIN) | 11077 |
| 650 #0 - SUBJECT ADDED ENTRY--TOPICAL TERM | |
| Topical term or geographic name entry element | Governors |
| Geographic subdivision | Pakistan |
| -- | Punjab |
| General subdivision | Biography. |
| 9 (RLIN) | 11078 |
| 906 ## - LOCAL DATA ELEMENT F, LDF (RLIN) | |
| a | 7 |
| b | cbc |
| c | orignew |
| d | 2 |
| e | ncip |
| f | 19 |
| g | y-gencatlg |
| 942 ## - ADDED ENTRY ELEMENTS (KOHA) | |
| Source of classification or shelving scheme | |
| Koha item type | Book |
| Withdrawn status | Lost status | Source of classification or shelving scheme | Damaged status | Not for loan | Collection code | Permanent Location | Current Location | Shelving location | Date acquired | Total Checkouts | Total Renewals | Full call number | Barcode | Checked out | Date last seen | Date last checked out | Copy number | Price effective from | Koha item type |
|---|---|---|---|---|---|---|---|---|---|---|---|---|---|---|---|---|---|---|---|
| Central Library (CL) | Central Library (CL) | Fiction | 02/02/2017 | 12 | 8 | 954.91405092 DUR | CL555 | 10/04/2025 | 09/04/2025 | 09/04/2025 | 1 | 02/02/2017 | Book |
